000 00968nam a2200217Ia 4500
003 OSt
005 20260122193144.0
007 ca aa aaaaa
008 201103s9999 xx 000 0 und d
040 _cSSBUL
041 _abur
082 _a၂၉၄.၃၄၄၃
_bသဲ
100 _a သဲအင်းဂူဆရာတော်
245 0 _aအမှတ်(၁)တရားတော်များ၊ ဒိဋ္ဌိပြုတ်တဏှာချုပ်မဂ်ပေါက်ဖိုလ်ဝင်နိဗ္ဗာန်မြင် /
_cသဲအင်းဂူဆရာတော်၊ ပြုစုစီစဉ်သူဦးစံရှင်း။
260 _aရန်ကုန် ၊
_bအေးအေးစာပေတိုက်၊
_c၁၉၇၂။
300 _a၁၉၂ စာမျက်နှာ ၊
_c၁၈ စင်တီ။
500 _aS-SAT: Dr. Prof Sai Aung Tun
942 _cBK1
942 _2ddc
942 _2ddc
999 _c16674
_d16674